[Event "Happy New Year 2016!"]
[Site "SchemingMind.com"]
[Date "2016.01.25"]
[Round "-"]
[White "Scooter"]
[Black "Michal Drus"]
[Result "1-0"]
[WhiteCountry "USA"]
[BlackCountry "POL"]
[WhiteElo "1677"]
[WhiteRD "48"]
[BlackElo "1444"]
[BlackRD "81"]
[GameID "394482"]

1. d4 d5 2. Nf3 c5 3. c3 c4 4. Bf4 f6 5. e3 Bg4 6. Be2 g5 7. Bxb8 Rxb8 8. Nbd2 f5 9. Nxg5 e6 10. Nxe6 Bxe2
11. Qxe2 Qb6 12. Qh5+ Ke7 13. Nxf8 Rxf8 14. b3 Nf6 15. Qxf5 Rhg8 16. g3 Ne4 17. Qe5+ Qe6 18. Qxe6+ Kxe6 19. Nxe4 dxe4 20. bxc4 Rc8
21. c5 Kd5 22. Rb1 Rg7 23. Kd2 h5 24. h4 a5 25. Rb5 Kc4 26. Rxa5 b5 27. Rb1 Rb7 28. Rb4+ Kd5 29. Rbxb5 Rxb5 30. Rxb5 Ra8
31. Kc2 Rxa2+ 32. Rb2 Ra7 33. Kd2 Kc4 34. Rb6 Ra2+ 35. Ke1 Kd3 36. Kf1 Kxc3 37. c6 Ra7 38. d5 Ra5 39. c7 Rc5 40. Rc6
1-0

[Event "Happy New Year 2016!"]
[Site "SchemingMind.com"]
[Date "2016.01.25"]
[Round "-"]
[White "Michal Drus"]
[Black "Scooter"]
[Result "0-1"]
[WhiteCountry "POL"]
[BlackCountry "USA"]
[WhiteElo "1444"]
[WhiteRD "81"]
[BlackElo "1677"]
[BlackRD "48"]
[GameID "394483"]

1. e4 c6 2. d4 d5 3. Nc3 dxe4 4. Nxe4 Bf5 5. Ng3 Bg6 6. Be3 Nd7 7. Nf3 Qc7 8. Bd3 Bxd3 9. Qxd3 O-O-O 10. d5 Ne5
11. Nxe5 Qxe5 12. O-O-O Rxd5 13. Bd4 Qf4+ 14. Kb1 e5 15. Bxe5 Qxe5 16. Qc4 g6 17. Rhe1 Rxd1+ 18. Rxd1 Bg7 19. Qg4+ f5 20. Qb4 Ne7
21. Re1 Nd5 22. f4 Qxf4 23. Qxf4 Nxf4 24. Re7 Rd8 25. a4 Rd7 26. Re8+ Kc7 27. Ne2 Nxg2 28. Rh8 Bxh8
0-1

[Event "Happy New Year 2016!"]
[Site "SchemingMind.com"]
[Date "2016.01.25"]
[Round "-"]
[White "Michal Drus"]
[Black "Stephen Woodhouse"]
[Result "0-1"]
[WhiteCountry "POL"]
[BlackCountry "ENG"]
[WhiteElo "1444"]
[WhiteRD "81"]
[BlackElo "1805"]
[BlackRD "50"]
[GameID "394484"]

1. e4 e6 2. d4 d5 3. Nc3 Nf6 4. Bg5 dxe4 5. Nxe4 Be7 6. Nf3 Nxe4 7. Bxe7 Qxe7 8. Ne5 Nd7 9. Bd3 Nef6 10. Qf3 O-O
11. h4 Qb4+ 12. c3 Qxb2 13. O-O Nd5 14. Rfb1 Qxc3 15. Bxh7+ Kxh7 16. Qh5+ Kg8 17. Ng4 N7f6 18. Nh6+ gxh6 19. Qxh6 Qxd4 20. Qg5+ Kh7
21. h5 Qg4 22. Qxg4 Nxg4 23. f3 Ne5 24. Kf2 b6 25. g4 Bb7
0-1

[Event "Happy New Year 2016!"]
[Site "SchemingMind.com"]
[Date "2016.01.25"]
[Round "-"]
[White "Stephen Woodhouse"]
[Black "Michal Drus"]
[Result "0-1"]
[WhiteCountry "ENG"]
[BlackCountry "POL"]
[WhiteElo "1805"]
[WhiteRD "50"]
[BlackElo "1444"]
[BlackRD "81"]
[GameID "394485"]

1. e4 c5 2. c3 e6 3. d4 d5 4. exd5 exd5 5. Bb5+ Bd7 6. Qe2+ Qe7 7. Bxd7+ Nxd7 8. dxc5 Qxe2+ 9. Nxe2 Bxc5 10. Nd2 Ngf6
11. Nb3 Ne4 12. Nxc5 Ndxc5 13. Be3 Nd3+ 14. Kf1 O-O-O 15. g3 Rhe8 16. Kg2 Nexf2 17. Bxf2 Rxe2 18. Rhf1 Rxb2 19. Kf3 Nxf2 20. Rxf2 Rxf2+
21. Kxf2 d4 22. c4 Kc7 23. Ke2 Kc6 24. Kd3 Kc5 25. Rf1 Rd7 26. Rf5+ Kc6 27. Rf4 Re7 28. Kxd4 f6 29. Rf2 Re1 30. Rc2 f5
31. Rf2 g6 32. h4 Re4+ 33. Kd3 Kc5 34. Rb2 b6 35. Rb5+ Kc6 36. h5 Rg4 37. hxg6 hxg6 38. Re5 Rxg3+ 39. Kd4 Rg4+ 40. Kc3 Re4
41. Rd5 Re3+ 42. Kd4 Re2 43. Rd8 Rd2+
0-1

[Event "Happy New Year 2016!"]
[Site "SchemingMind.com"]
[Date "2016.01.25"]
[Round "-"]
[White "Michal Drus"]
[Black "frankly"]
[Result "0-1"]
[WhiteCountry "POL"]
[BlackCountry "ENG"]
[WhiteElo "1410"]
[WhiteRD "113"]
[BlackElo "2443"]
[BlackRD "54"]
[GameID "394486"]

1. e4 c5 2. Nf3 Nc6 3. d4 cxd4 4. Nxd4 Nf6 5. Nxc6 bxc6 6. Nc3 e5 7. Bg5 Rb8 8. b3 d5 9. exd5 Bb4 10. Qd2 Qa5
11. O-O-O Bxc3 12. Qe3 Qa3+
0-1

[Event "Happy New Year 2016!"]
[Site "SchemingMind.com"]
[Date "2016.01.25"]
[Round "-"]
[White "frankly"]
[Black "Michal Drus"]
[Result "1-0"]
[WhiteCountry "ENG"]
[BlackCountry "POL"]
[WhiteElo "2449"]
[WhiteRD "55"]
[BlackElo "1444"]
[BlackRD "81"]
[GameID "394487"]

1. d4 d5 2. Nf3 c5 3. c4 e6 4. cxd5 exd5 5. g3 Nf6 6. Bg2 Nc6 7. O-O Bd6 8. Nc3 Ne4 9. Nxd5 Bc7 10. Nxc7+ Qxc7
11. d5 Bf5 12. dxc6 Qxc6 13. Ne5 Qc7 14. Qa4+ Bd7 15. Nxd7
1-0

[Event "Happy New Year 2016!"]
[Site "SchemingMind.com"]
[Date "2016.01.30"]
[Round "-"]
[White "Michal Drus"]
[Black "DANDYLIONHONEYBADGER"]
[Result "1-0"]
[WhiteCountry "POL"]
[BlackCountry "USA"]
[WhiteElo "1444"]
[WhiteRD "81"]
[BlackElo "1414"]
[BlackRD "99"]
[GameID "394488"]

1. e4 Nc6 2. d4 e5 3. Nf3 Nf6 4. Bc4 Qe7 5. Nc3 d6 6. Bb5 a6 7. d5 axb5 8. Nxb5 Nxe4 9. dxc6 bxc6 10. Qd3 f5
11. Bg5 Qd7 12. Nxe5 Qe6 13. Nxc7#
1-0

[Event "Happy New Year 2016!"]
[Site "SchemingMind.com"]
[Date "2016.01.30"]
[Round "-"]
[White "DANDYLIONHONEYBADGER"]
[Black "Michal Drus"]
[Result "0-1"]
[WhiteCountry "USA"]
[BlackCountry "POL"]
[WhiteElo "1335"]
[WhiteRD "77"]
[BlackElo "1469"]
[BlackRD "70"]
[GameID "394489"]

1. Nc3 e5 2. e4 Nf6 3. Nf3 Nc6 4. a3 d5 5. d4 Bg4 6. Be2 Bxf3 7. gxf3 Nxd4 8. Bd3 Qd7 9. Bb5 c6 10. Bd3 Qh3
11. Be3 Nxf3+ 12. Ke2 d4 13. Qf1 Qg4 14. Rg1 Nxg1+ 15. Kd2 dxe3+ 16. fxe3 Nf3+ 17. Kc1 Nxh2 18. Qf5 Qg1+ 19. Nd1 Nfg4 20. b4 Nxe3
21. Qxe5+ Be7 22. Kb2 Nf3 23. Nxe3 Qxa1+ 24. Kxa1 Nxe5 25. Nf5 Bf6 26. c4 Nxd3+ 27. Kb1 O-O-O 28. c5 h5 29. Nd6+ Rxd6 30. cxd6 h4
31. Kc2 Nf4 32. Kb3 h3 33. Ka4 h2 34. Ka5 h1=Q 35. a4 Rh5+ 36. b5 Qe1#
0-1

[Event "Happy New Year 2016!"]
[Site "SchemingMind.com"]
[Date "2016.01.25"]
[Round "-"]
[White "Michal Drus"]
[Black "flyinduck"]
[Result "0-1"]
[WhiteCountry "POL"]
[BlackCountry "CAN"]
[WhiteElo "1444"]
[WhiteRD "81"]
[BlackElo "2064"]
[BlackRD "54"]
[GameID "394490"]

1. e4 c5 2. Nf3 Nc6 3. d4 cxd4 4. Nxd4 Nf6 5. Nc3 e5 6. Nxc6 bxc6 7. Bg5 Be7 8. Bc4 O-O 9. O-O d6 10. f4 h6
11. Bh4 Ng4 12. Bxe7 Qxe7 13. f5 Ne3 14. f6 Qxf6 15. Rxf6 Nxd1 16. Rxd1 gxf6 17. Rd3 Rd8 18. Rg3+ Kf8 19. b4 f5 20. b5 cxb5
21. Bd5 Rb8 22. Bc6 f4 23. Rh3 Bxh3
0-1

[Event "Happy New Year 2016!"]
[Site "SchemingMind.com"]
[Date "2016.01.25"]
[Round "-"]
[White "flyinduck"]
[Black "Michal Drus"]
[Result "1-0"]
[WhiteCountry "CAN"]
[BlackCountry "POL"]
[WhiteElo "2064"]
[WhiteRD "54"]
[BlackElo "1444"]
[BlackRD "81"]
[GameID "394491"]

1. e4 c5 2. Nf3 e6 3. d4 cxd4 4. Nxd4 Nf6 5. Nc3 Nc6 6. Ndb5 a6 7. Nd6+ Bxd6 8. Qxd6 Qa5 9. Bd3 Qe5 10. Bf4 Qxd6
11. Bxd6 Nd4 12. e5 b5 13. exf6 gxf6 14. Be4 Nc6 15. a4 Ne5 16. Bxa8
1-0

[Event "Happy New Year 2016!"]
[Site "SchemingMind.com"]
[Date "2016.01.26"]
[Round "-"]
[White "CLewis73"]
[Black "Queen "]
[Result "0-1"]
[WhiteCountry "ENG"]
[BlackCountry "IND"]
[WhiteElo "1689"]
[WhiteRD "69"]
[BlackElo "2410"]
[BlackRD "90"]
[GameID "394527"]

1. e4 c5 2. Nf3 Nc6 3. c3 Nf6 4. e5 Nd5 5. d4 cxd4 6. cxd4 d6 7. Bb5 Qa5+ 8. Nc3 Nxc3 9. Bxc6+ bxc6 10. bxc3 Qxc3+
11. Bd2 Qd3 12. Qb3 Ba6 13. Qxd3 Bxd3 14. Rc1 Bb5 15. Be3 e6 16. Nd2 d5 17. f4 a5 18. Kf2 a4 19. Rc2 Be7 20. Rhc1 Kd7
21. g3 Rab8 22. Ke1 Rhc8 23. Nf3 a3 24. Rf2= Bc4 25. Ng5 Rb2 26. Rxb2 axb2 27. Rb1 Ba3
0-1

[Event "Happy New Year 2016!"]
[Site "SchemingMind.com"]
[Date "2016.01.26"]
[Round "-"]
[White "Queen "]
[Black "CLewis73"]
[Result "1-0"]
[WhiteCountry "IND"]
[BlackCountry "ENG"]
[WhiteElo "2410"]
[WhiteRD "90"]
[BlackElo "1689"]
[BlackRD "69"]
[GameID "394528"]

1. d4 e6 2. c4 d5 3. Nf3 Nf6 4. Nc3 Be7 5. Bg5 O-O 6. e3 Nbd7 7. Rc1 c6 8. Bd3 dxc4 9. Bxc4 h6 10. Bh4 Nd5
11. Bxe7 Qxe7 12. Nxd5 exd5 13. Bd3 Qb4+ 14. Qd2 Qxd2+ 15. Nxd2 Nf6 16. f3 Re8 17. Kf2 Bd7 18. Nb3 b6 19. g4 Re7 20. Nd2 Rae8
21. Rhe1 Kh8 22. h3 Kg8 23. b4 Rc8= 24. e4 dxe4 25. fxe4 Kf8 26. Nc4 Ne8 27. Ne5 Nd6 28. Nxd7+ Rxd7 29. e5
1-0

[Event "Happy New Year 2016!"]
[Site "SchemingMind.com"]
[Date "2016.01.27"]
[Round "-"]
[White "Mortadulo"]
[Black "Queen "]
[Result "1/2-1/2"]
[WhiteCountry "USA"]
[BlackCountry "IND"]
[WhiteElo "2235"]
[WhiteRD "73"]
[BlackElo "2410"]
[BlackRD "90"]
[GameID "394529"]

1. Nc3 Nc6 2. e4 e5 3. Nf3 Nf6 4. Bb5 Bc5 5. O-O O-O 6. Nxe5 Nxe5 7. d4 Bd6 8. f4 Neg4 9. Be2 Bb4 10. Bxg4 Bxc3
11. bxc3 Nxe4 12. Bf3 Re8 13. Re1 f5 14. d5 Nxc3 15. Qd2 Ne4 16. Bxe4 fxe4 17. Bb2 d6 18. Qd4 Re7 19. Rxe4 Bf5 20. Re3 Qd7
21. Rae1 Rae8 22. c4 Rxe3 23. Rxe3 Rxe3 24. Qxe3 a6 25. h3 h5 26. Kf2 Bb1 27. a3 Qf5 28. Kf3 Qd3 29. g4 b6 30. Kf2 Qxe3+
31. Kxe3 hxg4=
1/2-1/2

[Event "Happy New Year 2016!"]
[Site "SchemingMind.com"]
[Date "2016.01.26"]
[Round "-"]
[White "Queen "]
[Black "Mortadulo"]
[Result "1/2-1/2"]
[WhiteCountry "IND"]
[BlackCountry "USA"]
[WhiteElo "2410"]
[WhiteRD "90"]
[BlackElo "2235"]
[BlackRD "73"]
[GameID "394530"]

1. d4 Nf6 2. c4 c5 3. d5 b5 4. cxb5 a6 5. bxa6 e6 6. dxe6 fxe6 7. Nc3 Bxa6 8. g3 Nc6 9. Bg2 d5 10. Nh3 Be7
11. O-O O-O 12. Nf4 Qd6 13. b3 Rf7 14. a4 Nd4 15. Be3 Nf5 16. Nb5 Qb6 17. Bd2 Ne4 18. Bxe4 dxe4 19. Bc3 g5 20. Nh5 Rd8
21. Qe1 Qc6 22. e3 Rd3 23. Ra2 Nh6 24. h3 Rf3 25. Be5 Qe8 26. Ng7=
1/2-1/2

[Event "Happy New Year 2016!"]
[Site "SchemingMind.com"]
[Date "2016.01.27"]
[Round "-"]
[White "emvarela"]
[Black "Queen "]
[Result "0-1"]
[WhiteCountry "ARG"]
[BlackCountry "IND"]
[WhiteElo "1720"]
[WhiteRD "49"]
[BlackElo "2410"]
[BlackRD "90"]
[GameID "394531"]

1. e4 e5 2. Nf3 Nc6 3. Bb5 a6 4. Bxc6 dxc6 5. O-O Bd6 6. d4 exd4 7. Qxd4 f6 8. Re1 Ne7 9. e5 fxe5 10. Nxe5 O-O
11. Qc4+ Nd5 12. Nf3 Rxf3 13. gxf3 Qf6 14. Re4 Bh3 15. Nc3 Qxf3
0-1

[Event "Happy New Year 2016!"]
[Site "SchemingMind.com"]
[Date "2016.01.27"]
[Round "-"]
[White "Queen "]
[Black "emvarela"]
[Result "1-0"]
[WhiteCountry "IND"]
[BlackCountry "ARG"]
[WhiteElo "2410"]
[WhiteRD "90"]
[BlackElo "1720"]
[BlackRD "49"]
[GameID "394532"]

1. d4 Nf6 2. c4 g6 3. Nc3 Bg7 4. e4 d6 5. Nf3 O-O 6. Be2 e5 7. O-O Nc6 8. d5 Ne7 9. h3 c6 10. Be3 Ne8
11. Qb3 f5 12. c5 cxd5 13. Nxd5 Nxd5 14. Qxd5+ Kh8 15. Rad1 fxe4 16. Ng5 Bf5 17. cxd6 Qf6 18. d7 Nc7 19. Qc4 Na6 20. g4 h6
21. gxf5 hxg5 22. Qxe4 gxf5 23. Qxb7
1-0

[Event "Happy New Year 2016!"]
[Site "SchemingMind.com"]
[Date "2016.01.26"]
[Round "-"]
[White "Scooter"]
[Black "Queen "]
[Result "0-1"]
[WhiteCountry "USA"]
[BlackCountry "IND"]
[WhiteElo "1677"]
[WhiteRD "48"]
[BlackElo "2410"]
[BlackRD "90"]
[GameID "394533"]

1. d4 Nf6 2. Nf3 e6 3. Bg5 Be7 4. e3 O-O 5. Be2 h6 6. Bxf6 Bxf6 7. O-O b6 8. Nbd2 Bb7 9. Rc1 c5 10. c3 d5
11. Bd3 Nc6 12. e4 cxd4 13. exd5 exd5 14. cxd4 Nxd4 15. Nxd4 Bxd4 16. b3 Bc5 17. Nf3 Qf6 18. Be2 Rfe8 19. Qd2 d4 20. Rfe1 Re4
21. Bd3 Rg4 22. h3 Qxf3
0-1

[Event "Happy New Year 2016!"]
[Site "SchemingMind.com"]
[Date "2016.01.26"]
[Round "-"]
[White "Queen "]
[Black "Scooter"]
[Result "1-0"]
[WhiteCountry "IND"]
[BlackCountry "USA"]
[WhiteElo "2410"]
[WhiteRD "90"]
[BlackElo "1677"]
[BlackRD "48"]
[GameID "394534"]

1. d4 Nf6 2. c4 g6 3. Nc3 Bg7 4. e4 d6 5. Nf3 Bg4 6. Be2 Bxf3 7. Bxf3 c6 8. O-O O-O 9. Be3 e5 10. d5 c5
11. Qd2 a6 12. Be2 Qc8 13. h3 Nbd7 14. Rfe1 Re8 15. a3 b6 16. b4 Bf8 17. Reb1 Qc7 18. Rb2 Reb8 19. b5 a5 20. Rc1 Kh8
21. a4 Be7 22. g3 Qd8 23. Rf1 Qc8 24. g4 Bf8 25. g5 Ng8 26. h4 f6 27. Bg4 Qd8 28. Kg2 Be7 29. Rh1 Kg7 30. Rh3 Qc7
31. Rb1 Rf8 32. Be6 Rab8 33. Rbh1 Rfe8 34. h5 Nf8 35. hxg6 hxg6 36. gxf6+ Bxf6 37. Bh6+
1-0

[Event "Happy New Year 2016!"]
[Site "SchemingMind.com"]
[Date "2016.01.26"]
[Round "-"]
[White "Michal Drus"]
[Black "Queen "]
[Result "0-1"]
[WhiteCountry "POL"]
[BlackCountry "IND"]
[WhiteElo "1444"]
[WhiteRD "81"]
[BlackElo "2410"]
[BlackRD "90"]
[GameID "394535"]

1. e4 e5 2. Nf3 Nc6 3. d4 exd4 4. Nxd4 Bc5 5. c3 Nf6 6. Bg5 O-O 7. Nxc6 Bxf2+ 8. Kxf2 Nxe4+ 9. Kg1 Qxg5 10. Qe2 bxc6
11. Qxe4 Qc1
0-1

[Event "Happy New Year 2016!"]
[Site "SchemingMind.com"]
[Date "2016.01.26"]
[Round "-"]
[White "Queen "]
[Black "Michal Drus"]
[Result "1-0"]
[WhiteCountry "IND"]
[BlackCountry "POL"]
[WhiteElo "2410"]
[WhiteRD "90"]
[BlackElo "1444"]
[BlackRD "81"]
[GameID "394536"]

1. d4 d5 2. c4 c6 3. Nc3 e6 4. Nf3 Nf6 5. e3 Nbd7 6. Bd3 Bb4 7. O-O O-O 8. Bd2 Qc7 9. Nxd5 Bxd2 10. Nxc7 Rb8
11. Qxd2 Ne8 12. Nxe8
1-0

[Event "Happy New Year 2016!"]
[Site "SchemingMind.com"]
[Date "2016.01.27"]
[Round "-"]
[White "Stephen Woodhouse"]
[Black "Queen "]
[Result "0-1"]
[WhiteCountry "ENG"]
[BlackCountry "IND"]
[WhiteElo "1805"]
[WhiteRD "50"]
[BlackElo "2410"]
[BlackRD "90"]
[GameID "394537"]

1. e4 e5 2. Nf3 Nf6 3. d4 Nxe4 4. Bd3 d5 5. Nxe5 Nd7 6. Nxd7 Bxd7 7. O-O Bd6 8. Qh5 O-O 9. Qxd5 Bc6 10. Qh5 g6
11. Qh3 Re8 12. Nc3 a6 13. Nxe4 Bxe4 14. Bxe4 Rxe4 15. Qd3 Rxd4 16. Qf3 Qh4 17. g3 Qe4 18. Qxe4 Rxe4 19. Be3 Rae8 20. Rfe1 Bc5
21. Bd2 Re2 22. Be3 Rxc2 23. Bxc5 Rxe1+ 24. Rxe1 Rxc5 25. Re2 Kg7 26. Kf1 Rc1+ 27. Kg2 c5 28. Kf3 b5 29. Ke4 Kf6 30. Kd5 c4
31. Kc5 c3 32. bxc3 Rxc3+ 33. Kd4 b4 34. Ke4 a5 35. Rd2 Kg5 36. f3 f5+ 37. Ke5 Rxf3
0-1

[Event "Happy New Year 2016!"]
[Site "SchemingMind.com"]
[Date "2016.01.27"]
[Round "-"]
[White "Queen "]
[Black "Stephen Woodhouse"]
[Result "1-0"]
[WhiteCountry "IND"]
[BlackCountry "ENG"]
[WhiteElo "2410"]
[WhiteRD "90"]
[BlackElo "1805"]
[BlackRD "50"]
[GameID "394538"]

1. d4 e6 2. c4 d5 3. Nc3 c5 4. cxd5 exd5 5. Nf3 Nc6 6. g3 Nf6 7. Bg2 Be7 8. O-O O-O 9. dxc5 d4 10. Na4 Bf5
11. Bf4 Be4 12. Rc1 Qd5 13. a3 Rad8 14. b4 Rfe8 15. Nb2 Qh5 16. b5 Na5 17. Bc7
1-0

[Event "Happy New Year 2016!"]
[Site "SchemingMind.com"]
[Date "2016.01.26"]
[Round "-"]
[White "frankly"]
[Black "Queen "]
[Result "0-1"]
[WhiteCountry "ENG"]
[BlackCountry "IND"]
[WhiteElo "2449"]
[WhiteRD "55"]
[BlackElo "2410"]
[BlackRD "90"]
[GameID "394539"]

1. e4 e5 2. Nf3 Nc6 3. Bb5 a6 4. Ba4 Nf6 5. O-O Be7 6. Re1 b5 7. Bb3 d6 8. c3 O-O 9. h3 h6 10. d4 Re8
11. Nbd2 Bf8 12. Nf1 Bb7 13. Ng3 Na5 14. Bc2 Nc4 15. b3 Nb6 16. Bd2 c5 17. d5 Qc7 18. Be3 g6 19. Nd2 a5 20. Bd3 b4
21. Bb5 Reb8 22. Ne2 Ba6 23. Bxa6 Rxa6 24. a4 Bg7 25. c4 Nbd7 26. Ra2 Kh7 27. Nc1 Raa8 28. Nd3 Rf8 29. Qe2 Rae8 30. Rc2 Ng8
31. Kh1 f5 32. exf5 gxf5 33. f3 f4 34. Bf2 Ne7 35. Ne4 Nf5 36. Qd1 Rf7 37. g3 fxg3 38. Bxg3 Nf6 39. Rg1 Nxe4 40. fxe4 Ne3
41. Qd2 Nxc2 42. Qxc2 Ref8 43. Qe2 Rf3 44. Kh2 Qd7 45. Rg2 h5 46. Rf2 Qf7 47. Kg2 Rxf2+
0-1

[Event "Happy New Year 2016!"]
[Site "SchemingMind.com"]
[Date "2016.01.26"]
[Round "-"]
[White "Queen "]
[Black "frankly"]
[Result "0-1"]
[WhiteCountry "IND"]
[BlackCountry "ENG"]
[WhiteElo "2410"]
[WhiteRD "90"]
[BlackElo "2449"]
[BlackRD "55"]
[GameID "394540"]

1. e4 c5 2. Nf3 d6 3. d4 cxd4 4. Nxd4 Nf6 5. Nc3 a6 6. Be3 e5 7. Nb3 Be6 8. Qd2 Nbd7 9. f3 b5 10. O-O-O Be7
11. Kb1 O-O 12. a3 Nb6 13. g4= Nc4 14. Bxc4 bxc4 15. Nc1 Rb8 16. g5 Ne8 17. N1a2 Qc8 18. Nd5 Bxd5 19. Qxd5 Rb5 20. Qd2 Qb7
21. Qc3 Nc7 22. a4 Rb8 23. b3 d5 24. exd5 Nxd5 25. Rxd5 Rxd5 26. Qxc4 Rd6 27. Rf1 Rc6 28. Qe4 Qc7 29. Bc1 Rc4 30. Qe2 Rxa4
31. Bb2 Ra5 32. Re1 Bf8 33. h4 Qc6 34. Nc1 Bb4 35. Rd1 Bc3 36. Qd3 Rc5 37. Ba3 Rcb5 38. Ne2 Bb4 39. Bb2 Rc8 40. c4 Rb7
41. Bxe5 a5 42. Nd4 Qa6 43. Nf5 a4 44. Bxg7 axb3
0-1

[Event "Happy New Year 2016!"]
[Site "SchemingMind.com"]
[Date "2016.01.30"]
[Round "-"]
[White "Queen "]
[Black "DANDYLIONHONEYBADGER"]
[Result "1-0"]
[WhiteCountry "IND"]
[BlackCountry "USA"]
[WhiteElo "2371"]
[WhiteRD "90"]
[BlackElo "1335"]
[BlackRD "77"]
[GameID "394541"]

1. d4 d5 2. Nf3 f6 3. c4 e6 4. Nc3 b6 5. e3 Nd7 6. cxd5 exd5 7. Nxd5 c6 8. Nc3 Bd6 9. d5 Ne7 10. Nd4 Nf8
11. dxc6 Bb4 12. Qb3 Bxc3+ 13. bxc3 Ne6 14. Nxe6 Bxe6 15. Qxe6 Qc7 16. Bc4 Qxc6 17. Qf7+ Kd7 18. Ba3 Rhe8 19. O-O-O+ Kc7 20. Bxe7 Rad8
21. Bd6+ Kc8 22. Ba6+ Qb7 23. Bxb7#
1-0

[Event "Happy New Year 2016!"]
[Site "SchemingMind.com"]
[Date "2016.01.30"]
[Round "-"]
[White "DANDYLIONHONEYBADGER"]
[Black "Queen "]
[Result "0-1"]
[WhiteCountry "USA"]
[BlackCountry "IND"]
[WhiteElo "1335"]
[WhiteRD "77"]
[BlackElo "2371"]
[BlackRD "90"]
[GameID "394542"]

1. Nc3 d5 2. d4 Nf6 3. f3 e6 4. a3 c5 5. e3 Bd6 6. e4 cxd4 7. Nb5 e5 8. Nxd6+ Qxd6 9. Qd3 O-O 10. g3 dxe4
11. fxe4 Nbd7 12. b4 a5 13. Ne2 axb4 14. Bg2 Nc5 15. Qc4 b3 16. cxb3 b5 17. Qxb5 Ba6 18. Qb4 Nd3+ 19. Kd2 Nxb4 20. Kd1 Qc6
21. axb4 Bd3 22. Rxa8 Qc2+ 23. Ke1 Qxe2#
0-1

[Event "Happy New Year 2016!"]
[Site "SchemingMind.com"]
[Date "2016.01.26"]
[Round "-"]
[White "Queen "]
[Black "flyinduck"]
[Result "0-1"]
[WhiteCountry "IND"]
[BlackCountry "CAN"]
[WhiteElo "2371"]
[WhiteRD "90"]
[BlackElo "2083"]
[BlackRD "52"]
[GameID "394543"]

1. e4 c5 2. Nf3 Nc6 3. d4 cxd4 4. Nxd4 Nf6 5. Nc3 e5 6. Ndb5 d6 7. Bg5 a6 8. Na3 b5 9. Bxf6 gxf6 10. Nd5 f5
11. exf5 Bxf5 12. Qf3 Nd4 13. Nc7+ Qxc7 14. Qxa8+ Ke7 15. c3 b4 16. cxb4 Qb6 17. Bxa6 Qxb4+ 18. Kf1 Bh6 19. Qxh8 Qxb2 20. Re1 Qxa3
21. Rxe5+ dxe5 22. Qxe5+ Ne6 23. Qe2 Kf8 24. Kg1 Nf4 25. Qc4 Nd3 26. Qc6 Kg7 27. g4 Ne5 28. Qd5 Nf3+ 29. Kg2 Nh4+ 30. Kg1 Qc1+
31. Bf1 Qf4 32. Be2 Be4 33. Qd4+ Kg6 34. Qb6+ f6 35. Qd8 Qc1+ 36. Bd1 Qc6 37. g5 fxg5 38. f3 Nxf3+ 39. Kf2 g4 40. h3 Qc5+
41. Kf1 g3 42. Qg8+ Kf6 43. Qxg3 Be3 44. Bxf3 Qc4+
0-1

[Event "Happy New Year 2016!"]
[Site "SchemingMind.com"]
[Date "2016.01.26"]
[Round "-"]
[White "flyinduck"]
[Black "Queen "]
[Result "0-1"]
[WhiteCountry "CAN"]
[BlackCountry "IND"]
[WhiteElo "2064"]
[WhiteRD "54"]
[BlackElo "2410"]
[BlackRD "90"]
[GameID "394544"]

1. d4 Nf6 2. c4 e6 3. Nc3 Bb4 4. e3 c5 5. Ne2 b6 6. a3 Ba5 7. Rb1 Na6 8. g3 Bb7 9. d5 b5 10. Bg2 bxc4
11. O-O O-O 12. e4 exd5 13. exd5 d6 14. h3 Nc7 15. g4 Re8 16. Be3 Rb8 17. g5 Nd7 18. Ng3 Nb6 19. h4 Bxc3 20. bxc3 Qd7
21. h5 Ncxd5 22. Bd2 f5 23. gxf6 Nxf6 24. h6 Bxg2 25. Kxg2 Re5 26. a4 Rf8 27. hxg7 Qxg7 28. a5 Ne4 29. axb6 Rxf2+
0-1